00445nam a2200181Ia 4500003000400000005001700004008004100021020001400062040000700076041000800083082001600091100002100107245005000128260003700178300001700215365001300232650001800245OSt20230626135828.0210423s9999 xx 000 0 und d a333925475 cAL aeng a660.65 MITS aMITRA (Sandhya). aGenetic engineering: principles and practice. aDelhibMacmillan India Ltdc2003 axxii,725bPB b365cINR aBiotechnology